NFL Rushing Leaders: Green Bay Packers - Statistics

General Stats
  • This quiz has been taken 61 times
  • The average score is 4 of 10
Answer Stats
Rank Player Yards Years w/ Team % Correct
3 AaronJones 5940 2017-2023
90%
1 AhmanGreen 8322 2000-2006;2009
88%
10 PaulHornung 3711 1957-1966
59%
2 JimTaylor 8207 1958-1966
57%
6 Ryan Grant 4143 2007-2012
45%
7 DorseyLevens 3937 1994-2001
38%
4 JohnBrockington 5024 1971-1977
24%
5 TonyCanadeo 4197 1941-1952
17%
8 ClarkeHinkle 3860 1932-1941
9%
9 GerryEllis 3826 1980-1986
7%
No matching quizzes found
Score Distribution
Percent of People with Each Score
Percentile by Number Answered
Your Score History
You have not taken this quiz